Basic electrical engineering: (Record no. 163175)
[ view plain ]
| 000 -LEADER | |
|---|---|
| fixed length control field | 00938nam a22002417a 4500 |
| 005 - DATE AND TIME OF LATEST TRANSACTION | |
| control field | 20211007165350.0 |
| 010 ## - LCCN (DPL NO) | |
| LC control number | B-719515 B-741720 |
| 020 ## - INTERNATIONAL STANDARD BOOK NUMBER | |
| International Standard Book Number | 9788121908719 |
| Terms of availability | 675.00 |
| 035 ## - SYSTEM CONTROL NUMBER | |
| System control number | B-719515 |
| 035 ## - SYSTEM CONTROL NUMBER | |
| System control number | B-741720 |
| 037 ## - SOURCE OF ACQUISITION | |
| Source of stock number/acquisition | Aksharesh Enterprises |
| 037 ## - SOURCE OF ACQUISITION | |
| Source of stock number/acquisition | Gift |
| 082 ## - DEWEY DECIMAL CLASSIFICATION NUMBER | |
| Classification number | 621.3 |
| 100 ## - MAIN ENTRY--PERSONAL NAME | |
| Personal name | Mehta, V.K. |
| 245 ## - TITLE STATEMENT | |
| Title | Basic electrical engineering: |
| Remainder of title | for B.E./B.Tech. and other engineering examinations / |
| Statement of responsibility, etc | V.K. Mehta [and] Rohit Mehta |
| 260 ## - PUBLICATION, DISTRIBUTION, ETC. (IMPRINT) | |
| Place of publication, distribution, etc | New Delhi |
| Name of publisher, distributor, etc | S. Chand |
| Date of publication, distribution, etc | 2018 |
| 270 ## - ADDRESS | |
| Address | 7361, Ram Nagar, Qutab Road |
| City | New Delhi |
| Postal code | 110055 |
| 300 ## - PHYSICAL DESCRIPTION | |
| Extent | ix, 989p.: |
| Other physical details | ill. |
| Dimensions | 24cm(pbk) |
| 700 ## - ADDED ENTRY--PERSONAL NAME | |
| Personal name | Mehta, Rohit |
| 942 ## - ADDED ENTRY ELEMENTS (KOHA) | |
| Source of classification or shelving scheme | Dewey Decimal Classification |
| Item type | English Books |
| Classification part | 621.3 |
| Call number suffix | MEH |
| Withdrawn status | Lost status | Not for loan | Collection code | Home library | Current library | Date acquired | Source of acquisition | Cost, normal purchase price | Full call number | Barcode | Copy number | Cost, replacement price | Koha item type | Public note |
|---|---|---|---|---|---|---|---|---|---|---|---|---|---|---|
| Non-fiction | Ashok Vihar | Ashok Vihar | 07/10/2021 | Gift/4.10.2021 | 675.00 | 621.3 MEH | B-741720 | 1 | 675.00 | English Books | Gift | |||
| Non-fiction | Sarojini Nagar | Sarojini Nagar | 01/04/2019 | Aksharesh Enterprises/0012/27-03-19/720/16-03-19/29-03-19 | 675.00 | 621.3 MEH | B-719515 | 1 | 675.00 | English Books |
